| 000 | 01600nam a2200349Ia 4500 | ||
|---|---|---|---|
| 001 | ebr10231626 | ||
| 003 | CaPaEBR | ||
| 006 | m u | ||
| 007 | cr cn||||||||| | ||
| 008 | 070329s2007 enka sb 001 0beng d | ||
| 020 | _z9781845114848 (hbk.) | ||
| 020 | _z1845114841 (hbk.) | ||
| 040 |
_aCaPaEBR _cCaPaEBR |
||
| 035 | _a(OCoLC)298787823 | ||
| 050 | 1 | 4 |
_aDA565.S66 _bN54 2007eb |
| 100 | 1 |
_aNiessen, Olwen Claire, _d1935- |
|
| 245 | 1 | 0 |
_aAristocracy, temperance and social reform _h[electronic resource] : _bthe life of Lady Henry Somerset / _cOlwen Claire Niessen. |
| 260 |
_aLondon ; _aNew York : _bTauris Academic Studies : _bDistributed in the U.S. and Canada by Palgrave Macmillan, _c2007. |
||
| 300 |
_axv, 303 p. : _bill. |
||
| 490 | 1 |
_aLibrary of Victorian studies ; _v1 |
|
| 504 | _aIncludes bibliographical references (p. [233]-289) and index. | ||
| 533 |
_aElectronic reproduction. _bPalo Alto, Calif. : _cebrary, _d2009. _nAvailable via World Wide Web. _nAccess may be limited to ebrary affiliated libraries. |
||
| 600 | 1 | 0 |
_aSomerset, Henry, _cLady, _d1851-1921. |
| 650 | 0 |
_aAristocracy (Social class) _zGreat Britain _vBiography. |
|
| 650 | 0 |
_aWomen social reformers _zGreat Britain _vBiography. |
|
| 650 | 0 |
_aSocial reformers _zGreat Britain _vBiography. |
|
| 651 | 0 |
_aGreat Britain _xSocial conditions _y19th century. |
|
| 655 | 7 |
_aElectronic books. _2local |
|
| 710 | 2 | _aebrary, Inc. | |
| 830 | 0 |
_aLibrary of Victorian studies ; _v1. |
|
| 856 | 4 | 0 |
_uhttp://site.ebrary.com/lib/rucke/Doc?id=10231626 _zAn electronic book accessible through the World Wide Web; click to view |
| 999 |
_c40157 _d40157 |
||